[Event "Titled Tuesday intern op 10th Aug"]
[Site "Chess.com INT"]
[Date "2021.08.10"]
[Round "5"]
[White "Martins, Carlos"]
[Black "Bogumil, Tatiana"]
[Result "1-0"]
[WhiteElo "2231"]
[BlackElo "2182"]
[PlyCount "85"]
[EventDate "2021.08.10"]
[EventType "swiss (blitz)"]
[EventRounds "11"]
[EventCountry "USA"]
[SourceTitle "CBM 203 Extra"]
[Source "ChessBase"]
[SourceDate "2021.09.30"]
[SourceVersion "1"]
[SourceVersionDate "2021.09.30"]
[SourceQuality "1"]

1. e4 g6 2. d4 Bg7 3. Nf3 d6 4. Bc4 c6 5. Bb3 a5 6. a4 Nf6 7. Qe2 Qc7 8. h3 h6 9. 0-0 0-0 10. e5 Nd5 11. c4 Nb4 12. Nc3 Bf5 13. Rd1 dxe5 14. dxe5 N8a6 15. Bf4 Nc5 16. Ba2 Nxa2 17. Rxa2 Rad8 18. Raa1 Nd3 19. Bg3 e6 20. Rd2 Nc5 21. Rad1 Rxd2 22. Rxd2 Rd8 23. Qe3 Nb3 24. Rxd8+ Qxd8 25. Ne4 Qd1+ 26. Kh2 Bxe4 27. Qxe4 Nd2 28. Nxd2 Qxd2 29. b3 g5 30. h4 Qc3 31. hxg5 hxg5 32. Qe3 Qxe3 33. fxe3 Kh7 34. Kg1 Kg6 35. Kf2 Kf5 36. Kf3 g4+ 37. Ke2 Bxe5 38. Be1 Ke4 39. Bxa5 f5 40. Bb6 f4 41. exf4 Bxf4 42. b4 Be5 43. b5 1-0

[Event "Titled Tuesday intern op 10th Aug"]
[Site "Chess.com INT"]
[Date "2021.08.10"]
[Round "7"]
[White "Martins, Carlos"]
[Black "Kuderinov, Kirill"]
[Result "1-0"]
[WhiteElo "2231"]
[BlackElo "2409"]
[PlyCount "51"]
[EventDate "2021.08.10"]
[EventType "swiss (blitz)"]
[EventRounds "11"]
[EventCountry "USA"]
[SourceTitle "CBM 203 Extra"]
[Source "ChessBase"]
[SourceDate "2021.09.30"]
[SourceVersion "1"]
[SourceVersionDate "2021.09.30"]
[SourceQuality "1"]

1. e4 e6 2. d4 d5 3. Nc3 Nf6 4. Bg5 Be7 5. e5 Nfd7 6. Bxe7 Qxe7 7. f4 a6 8. Nf3 c5 9. Qd2 Nc6 10. dxc5 Nxc5 11. Bd3 b5 12. 0-0-0 Bb7 13. Kb1 Rc8 14. Ne2 Qc7 15. Ned4 Na5 16. b3 0-0 17. Rc1 Rb8 18. f5 Nc4 19. Qg5 Na3+ 20. Kb2 Na4+ 21. bxa4 b4 22. c3 bxc3+ 23. Rxc3 Ba8+ 24. Nb3 Nc4+ 25. Bxc4 dxc4 26. f6 1-0

[Event "Titled Tuesday intern op 10th Aug"]
[Site "Chess.com INT"]
[Date "2021.08.10"]
[Round "11"]
[White "Martins, Carlos"]
[Black "Pert, Richard G"]
[Result "1/2-1/2"]
[WhiteElo "2231"]
[BlackElo "2416"]
[PlyCount "56"]
[EventDate "2021.08.10"]
[EventType "swiss (blitz)"]
[EventRounds "11"]
[EventCountry "USA"]
[SourceTitle "CBM 203 Extra"]
[Source "ChessBase"]
[SourceDate "2021.09.30"]
[SourceVersion "1"]
[SourceVersionDate "2021.09.30"]
[SourceQuality "1"]

1. e4 d5 2. exd5 Nf6 3. Nf3 Bg4 4. Bb5+ Nbd7 5. c4 e6 6. dxe6 fxe6 7. d4 c6 8. Ba4 Qc7 9. 0-0 0-0-0 10. Be3 Bd6 11. h3 h5 12. Nbd2 e5 13. Qc2 exd4 14. Nxd4 Ne5 15. c5 Be7 16. Bb3 Kb8 17. Kh1 Nd5 18. Bxd5 Rxd5 19. b4 Bf6 20. Rae1 Qd7 21. f4 Bxh3 22. fxe5 Bxg2+ 23. Kxg2 Qg4+ 24. Kh1 Qh3+ 25. Kg1 Qg4+ 26. Kh1 Qh3+ 27. Kg1 Qg3+ 28. Kh1 Qh3+ 1/2-1/2

[Event "Titled Tuesday intern op 29th Dec"]
[Site "Chess.com INT"]
[Date "2020.12.29"]
[Round "6"]
[White "Martins, Carlos"]
[Black "Bogumil, Tatiana"]
[Result "1-0"]
[WhiteElo "2231"]
[BlackElo "2182"]
[PlyCount "85"]
[EventDate "2020.12.29"]
[EventType "swiss (blitz)"]
[EventRounds "11"]
[EventCountry "USA"]
[SourceTitle "CBM 200 Extra"]
[Source "ChessBase"]
[SourceDate "2021.03.31"]
[SourceVersion "1"]
[SourceVersionDate "2021.03.31"]
[SourceQuality "1"]

1. e4 g6 2. d4 Bg7 3. Nf3 d6 4. Bc4 c6 5. Bb3 Nf6 6. Qe2 0-0 7. 0-0 a5 8. a4 Qc7 9. e5 Nd5 10. Re1 Bg4 11. exd6 Qxd6 12. c3 e6 13. h3 Bxf3 14. Qxf3 Nd7 15. Nd2 N7f6 16. Nc4 Qc7 17. Ne5 Nd7 18. Ng4 h5 19. Ne3 Nxe3 20. fxe3 e5 21. Qg3 Rae8 22. Rf1 Qb6 23. Bc2 c5 24. d5 e4 25. Rb1 c4 26. Rd1 Nc5 27. Qf2 Nd3 28. Bxd3 cxd3 29. Bd2 Qc5 30. b3 Qxd5 31. c4 Qd8 32. Qe1 b6 33. Bc3 Bh6 34. Bd4 Qc7 35. Rbc1 Re6 36. c5 bxc5 37. Rxc5 Qb7 38. Rb5 Qd7 39. Qxa5 Rc8 40. Rd5 Qb7 41. Rd8+ Rxd8 42. Qxd8+ Kh7 43. Qh8# 1-0